01256nam a22002057b 4500003000500000005001700005008004100022020002900063040002800092041001200120082001600132100002500148245005000173260005500223300004800278490002200326520066000348650001701008700002501025322820250819114608.0250819b sa ||||| |||| 00| 0 eng d a9781467736572 (hardback) aMPLbEnglishc3228erda aEnglish 0a621.47 DOED aDoeden,Matt eauthor aFinding out about solar energy /cMatt Doeden a Minneapolis: bLerner Publications Company,c2015 a 40 pages : bcolor illustrations ;c 24 cm aSearchlight books a"The sun provides lots of energy, most of which isn't used by plants or animals. How can we harness solar energy to create electricity? This book introduces students to how solar energy is produced and how it is used as an energy source that provides power for essentials and luxuries that they use every day. Graphics help explain the process of harvesting solar energy. After explaining what the resource is and how it is used, the book covers the pros and cons of using solar energy. Environmental impacts factor into the discussion of solar energy harvesting and use, as well as accessibility and renewability of solar energy."-- Provided by publisher 0aBasic reader aDoeden,Matt eauthor